| 000 | 00528nam a2200181Ia 4500 | ||
|---|---|---|---|
| 005 | 20250423101239.0 | ||
| 008 | 250422s9999 xx 000 0 und d | ||
| 020 | _a9781597842631; 159784263X | ||
| 050 | _aBP 135 .A1 T8713/ | ||
| 100 | _aTuran, Kemal | ||
| 245 | 4 | _aThe essence of wisdom : parables from the Prophet and his companions = Gül kokulu hikayeler | |
| 260 | _aNew Jersey | ||
| 260 | _bTughra Books | ||
| 260 | _c2011 | ||
| 300 | _a184 p | ||
| 650 | _aHadith Islamic ethics Hadis İslam ahlakı | ||
| 942 | _cBK | ||
| 999 |
_c35734 _d35734 |
||